Countries Containing The Letter: H - Statistics

General Stats
  • This quiz has been taken 9 times
  • The average score is 26 of 30
Answer Stats
Answer % Correct
Afghanistan
100%
Bahrain
100%
Bosnia and Herzegovina
100%
Chad
100%
Chile
100%
China
100%
Ghana
100%
Haiti
100%
Honduras
100%
Hungary
100%
Liechtenstein
100%
North Korea
100%
North Macedonia
100%
South Africa
100%
South Sudan
100%
Thailand
100%
Bahamas
86%
Czech Republic
86%
Ethiopia
86%
Kazakhstan
86%
Lesotho
86%
Marshall Islands
86%
Netherlands
86%
Sey Chelles
86%
South Korea
86%
Lithuania
71%
Philippines
71%
Democratic Republic of the Congo
43%
Republic of the Congo
43%
Saint Vincent and the Grenadines
43%
No matching quizzes found
Score Distribution
Percent of People with Each Score
Percentile by Number Answered
Your Score History
You have not taken this quiz